[Event "Reykjavík Open 2013"]
[Site "?"]
[Date "2013.02.24"]
[Round "7.11"]
[White "Schreiner, Peter"]
[Black "Kislik, Erik Andrew"]
[Result "1-0"]
[LiveChessVersion "1.4"]
[BlackElo "2359"]
[WhiteElo "2439"]

1. Nf3 {[%clk 1:26:23]} d5 {[%clk 1:30:49]} 2. d4 {[%clk 1:26:45]} Nf6
{[%clk 1:30:59]} 3. c4 {[%clk 1:27:06]} e6 {[%clk 1:30:49]} 4. g3
{[%clk 1:26:12]} Be7 {[%clk 1:27:26]} 5. Bg2 {[%clk 1:26:21]} O-O
{[%clk 1:27:52]} 6. O-O {[%clk 1:26:04]} dxc4 {[%clk 1:28:19]} 7. Qc2
{[%clk 1:25:45]} a6 {[%clk 1:28:47]} 8. a4 {[%clk 1:24:28]} Nc6 {[%clk 1:28:12]}
9. Qxc4 {[%clk 1:19:20]} Qd5 {[%clk 1:28:37]} 10. Qxd5 {[%clk 1:13:55]} Nxd5
{[%clk 1:26:18]} 11. Nc3 {[%clk 1:10:36]} Ndb4 {[%clk 1:16:45]} 12. Bf4
{[%clk 1:06:44]} Bd6 {[%clk 1:17:09]} 13. Ne4 {[%clk 0:45:02]} Bxf4
{[%clk 1:12:37]} 14. gxf4 {[%clk 0:45:28]} Rd8 {[%clk 1:12:50]} 15. e3
{[%clk 0:42:31]} f6 {[%clk 1:12:35]} 16. Rfc1 {[%clk 0:35:33]} b6
{[%clk 1:08:25]} 17. Nfd2 {[%clk 0:31:30]} Bb7 {[%clk 1:07:13]} 18. Nc4
{[%clk 0:31:03]} a5 {[%clk 1:05:37]} 19. Nc3 {[%clk 0:28:39]} Rd7
{[%clk 1:01:20]} 20. Nb5 {[%clk 0:25:52]} Nd8 {[%clk 0:53:51]} 21. Bxb7
{[%clk 0:22:58]} Nxb7 {[%clk 0:54:06]} 22. Kg2 {[%clk 0:21:52]} Kf7
{[%clk 0:52:34]} 23. Nxc7 {[%clk 0:20:34]} Rxc7 {[%clk 0:49:59]} 24. Ne5+
{[%clk 0:20:57]} fxe5 {[%clk 0:50:11]} 25. Rxc7+ {[%clk 0:21:25]} Kf8
{[%clk 0:50:17]} 26. Rxb7 {[%clk 0:20:55]} exd4 {[%clk 0:50:41]} 27. Rxb6
{[%clk 0:19:41]} dxe3 {[%clk 0:49:04]} 28. fxe3 {[%clk 0:16:29]} 1-0

[Event "Reykjavík Open 2013"]
[Site "?"]
[Date "2013.02.24"]
[Round "7.12"]
[White "Kvisvik, Brede"]
[Black "Bartholomew, John"]
[Result "0-1"]
[LiveChessVersion "1.4"]
[BlackElo "2435"]
[WhiteElo "2314"]

1. d4 {[%clk 1:30:30]} d5 {[%clk 1:26:22]} 2. Nf3 {[%clk 1:29:57]} Nf6
{[%clk 1:26:37]} 3. c4 {[%clk 1:29:46]} c6 {[%clk 1:26:51]} 4. Qb3
{[%clk 1:29:03]} dxc4 {[%clk 1:23:35]} 5. Qxc4 {[%clk 1:29:21]} Bf5
{[%clk 1:24:00]} 6. g3 {[%clk 1:27:16]} e6 {[%clk 1:24:07]} 7. Bg2
{[%clk 1:27:07]} Nbd7 {[%clk 1:22:32]} 8. O-O {[%clk 1:26:41]} Be7
{[%clk 1:22:40]} 9. Nc3 {[%clk 1:27:00]} O-O {[%clk 1:22:25]} 10. e3
{[%clk 1:27:15]} Ne4 {[%clk 1:11:04]} 11. Nd2 {[%clk 1:26:03]} Nxd2
{[%clk 1:05:52]} 12. Bxd2 {[%clk 1:26:07]} Rc8 {[%clk 1:05:24]} 13. e4
{[%clk 1:18:31]} Bg6 {[%clk 1:04:28]} 14. Qe2 {[%clk 1:17:09]} b5
{[%clk 0:57:45]} 15. Be3 {[%clk 1:06:21]} b4 {[%clk 0:51:58]} 16. Na4
{[%clk 1:03:33]} Qa5 {[%clk 0:51:43]} 17. b3 {[%clk 1:02:27]} c5 {[%clk 0:50:11]}
18. d5 {[%clk 0:52:24]} exd5 {[%clk 0:43:49]} 19. exd5 {[%clk 0:50:37]} c4
{[%clk 0:39:22]} 20. Nb2 {[%clk 0:49:06]} c3 {[%clk 0:39:43]} 21. Nc4
{[%clk 0:49:09]} Qa6 {[%clk 0:37:39]} 22. a3 {[%clk 0:41:01]} bxa3
{[%clk 0:34:07]} 23. d6 {[%clk 0:41:25]} Bf6 {[%clk 0:22:53]} 24. Rxa3
{[%clk 0:33:25]} Qb5 {[%clk 0:22:28]} 25. Bh3 {[%clk 0:32:11]} Ra8
{[%clk 0:05:12]} 26. Qa2 {[%clk 0:22:10]} Ne5 {[%clk 0:03:36]} 27. Nxe5
{[%clk 0:20:54]} Qxe5 {[%clk 0:03:48]} 28. Rxa7 {[%clk 0:16:59]} Rxa7
{[%clk 0:03:43]} 29. Qxa7 {[%clk 0:17:27]} Qxd6 {[%clk 0:03:34]} 30. Bc5
{[%clk 0:17:45]} Qb8 {[%clk 0:03:46]} 31. Qa3 {[%clk 0:15:02]} Rd8
{[%clk 0:03:34]} 32. Be3 {[%clk 0:11:11]} h5 {[%clk 0:02:49]} 33. Bg2
{[%clk 0:10:39]} c2 {[%clk 0:02:47]} 34. Bf3 {[%clk 0:10:11]} Rd3
{[%clk 0:02:18]} 35. Qc5 {[%clk 0:08:16]} Rc3 {[%clk 0:02:11]} 36. Qa5
{[%clk 0:08:14]} Rxb3 {[%clk 0:02:18]} 37. Bxh5 {[%clk 0:06:30]} Rb5
{[%clk 0:02:29]} 0-1

[Event "Reykjavík Open 2013"]
[Site "?"]
[Date "2013.02.24"]
[Round "7.14"]
[White "Guramishvili, Sopiko"]
[Black "Bjerke, Richard"]
[Result "1-0"]
[LiveChessVersion "1.4"]
[BlackElo "2131"]
[WhiteElo "2414"]

1. d4 {[%clk 1:30:45]} Nf6 {[%clk 1:30:32]} 2. c4 {[%clk 1:31:07]} e6
{[%clk 1:30:42]} 3. Nc3 {[%clk 1:31:32]} Bb4 {[%clk 1:31:04]} 4. e3
{[%clk 1:31:57]} O-O {[%clk 1:31:22]} 5. Nge2 {[%clk 1:32:23]} d5
{[%clk 1:31:30]} 6. a3 {[%clk 1:32:46]} Be7 {[%clk 1:28:42]} 7. cxd5
{[%clk 1:33:08]} exd5 {[%clk 1:29:04]} 8. b4 {[%clk 1:33:36]} c6 {[%clk 1:27:28]}
9. Bd2 {[%clk 1:33:25]} Re8 {[%clk 1:23:30]} 10. Ng3 {[%clk 1:31:18]} a5
{[%clk 1:15:41]} 11. b5 {[%clk 1:30:39]} c5 {[%clk 1:15:26]} 12. Be2
{[%clk 1:30:30]} cxd4 {[%clk 1:03:37]} 13. exd4 {[%clk 1:30:55]} Ne4
{[%clk 1:03:27]} 14. O-O {[%clk 1:23:44]} Bf6 {[%clk 1:00:22]} 15. Ngxe4
{[%clk 1:23:08]} dxe4 {[%clk 1:00:35]} 16. Be3 {[%clk 1:23:35]} Bf5
{[%clk 0:56:41]} 17. Rc1 {[%clk 1:14:06]} Qd6 {[%clk 0:52:29]} 18. Bg4
{[%clk 1:06:31]} Bg6 {[%clk 0:30:30]} 19. Qb3 {[%clk 1:02:16]} h5
{[%clk 0:30:49]} 20. Bh3 {[%clk 1:02:29]} Rd8 {[%clk 0:30:26]} 21. Ne2
{[%clk 1:01:20]} Nd7 {[%clk 0:25:41]} 22. Bf4 {[%clk 1:00:42]} Qe7
{[%clk 0:21:16]} 23. Bc7 {[%clk 1:00:20]} Bg5 {[%clk 0:18:16]} 24. Bxd8
{[%clk 0:59:16]} Qxd8 {[%clk 0:18:06]} 25. Rcd1 {[%clk 0:55:28]} a4
{[%clk 0:14:13]} 26. Qb4 {[%clk 0:52:29]} Be7 {[%clk 0:12:47]} 27. Qb2
{[%clk 0:51:58]} Nb6 {[%clk 0:12:39]} 28. d5 {[%clk 0:51:19]} Nc4
{[%clk 0:11:27]} 29. Qd4 {[%clk 0:44:33]} Nd6 {[%clk 0:11:37]} 30. Qb2
{[%clk 0:38:09]} Ra5 {[%clk 0:10:39]} 31. Nd4 {[%clk 0:37:39]} Bf6
{[%clk 0:10:31]} 32. Qb4 {[%clk 0:37:30]} Bxd4 {[%clk 0:09:39]} 33. Rxd4
{[%clk 0:37:21]} Nxb5 {[%clk 0:09:01]} 34. Rc4 {[%clk 0:36:02]} Nd6
{[%clk 0:07:30]} 35. Rc5 {[%clk 0:35:39]} Ra8 {[%clk 0:07:39]} 36. Rfc1
{[%clk 0:35:13]} f5 {[%clk 0:06:11]} 37. g3 {[%clk 0:32:53]} Bf7 {[%clk 0:03:54]}
38. Qd4 {[%clk 0:30:56]} g5 {[%clk 0:02:18]} 39. Qe5 {[%clk 0:30:06]} g4
{[%clk 0:02:06]} 40. Bf1 {[%clk 1:00:31]} Qf8 {[%clk 0:30:40]} 41. Qf4
{[%clk 0:58:47]} Qd8 {[%clk 0:23:03]} 42. Qh6 {[%clk 0:56:27]} Qf8
{[%clk 0:18:32]} 43. Qg5+ {[%clk 0:56:25]} Qg7 {[%clk 0:18:05]} 44. Qe7
{[%clk 0:55:46]} Qf8 {[%clk 0:18:28]} 45. Rc7 {[%clk 0:55:56]} Rd8
{[%clk 0:18:45]} 46. Qg5+ {[%clk 0:56:07]} Kh8 {[%clk 0:19:07]} 47. Re7
{[%clk 0:55:20]} Qg7 {[%clk 0:19:16]} 48. Qf4 {[%clk 0:52:04]} Qd4
{[%clk 0:18:38]} 49. Rcc7 {[%clk 0:50:40]} 1-0

[Event "Reykjavík Open 2013"]
[Site "?"]
[Date "2013.02.24"]
[Round "7.16"]
[White "Malmdin, Nils-Ake"]
[Black "Smith, Axel"]
[Result "0-1"]
[LiveChessVersion "1.4"]
[BlackElo "2485"]
[WhiteElo "2281"]

1. e4 {[%clk 1:30:44]} e5 {[%clk 1:31:00]} 2. Nf3 {[%clk 1:30:57]} Nc6
{[%clk 1:31:29]} 3. Bb5 {[%clk 1:31:05]} a6 {[%clk 1:31:54]} 4. Ba4
{[%clk 1:31:22]} Nf6 {[%clk 1:32:22]} 5. O-O {[%clk 1:30:53]} Be7
{[%clk 1:32:31]} 6. d3 {[%clk 1:29:29]} b5 {[%clk 1:32:31]} 7. Bb3
{[%clk 1:29:50]} d6 {[%clk 1:31:19]} 8. c3 {[%clk 1:15:56]} O-O {[%clk 1:31:19]}
9. a4 {[%clk 1:15:22]} Bd7 {[%clk 1:27:49]} 10. Nbd2 {[%clk 1:13:54]} Na5
{[%clk 1:26:58]} 11. Bc2 {[%clk 1:13:25]} c5 {[%clk 1:27:14]} 12. Re1
{[%clk 1:08:01]} Nc6 {[%clk 1:26:28]} 13. Nf1 {[%clk 1:06:18]} h6
{[%clk 1:26:52]} 14. Ng3 {[%clk 1:05:04]} Re8 {[%clk 1:27:05]} 15. h3
{[%clk 0:58:40]} Bf8 {[%clk 1:27:10]} 16. Nh2 {[%clk 0:55:57]} b4
{[%clk 1:10:19]} 17. Bd2 {[%clk 0:44:31]} g6 {[%clk 1:05:03]} 18. Qf3
{[%clk 0:39:20]} Rb8 {[%clk 1:01:47]} 19. Ngf1 {[%clk 0:35:14]} Be6
{[%clk 0:42:00]} 20. g4 {[%clk 0:34:38]} d5 {[%clk 0:39:44]} 21. g5
{[%clk 0:30:28]} hxg5 {[%clk 0:37:25]} 22. Bxg5 {[%clk 0:30:44]} Be7
{[%clk 0:37:33]} 23. Ng3 {[%clk 0:25:13]} bxc3 {[%clk 0:35:40]} 24. bxc3
{[%clk 0:25:26]} d4 {[%clk 0:35:47]} 25. c4 {[%clk 0:21:49]} Nh7 {[%clk 0:33:21]}
26. Bc1 {[%clk 0:19:41]} Nb4 {[%clk 0:28:28]} 27. Re2 {[%clk 0:15:33]} Bg5
{[%clk 0:28:16]} 28. Ng4 {[%clk 0:14:07]} Bxc1 {[%clk 0:27:08]} 29. Rxc1
{[%clk 0:14:28]} Ng5 {[%clk 0:26:46]} 30. Qg2 {[%clk 0:14:39]} Nxh3+
{[%clk 0:20:09]} 31. Qxh3 {[%clk 0:14:44]} Qg5 {[%clk 0:20:36]} 32. Nh6+
{[%clk 0:09:38]} Kg7 {[%clk 0:18:19]} 33. Nhf5+ {[%clk 0:09:53]} Bxf5
{[%clk 0:14:34]} 34. exf5 {[%clk 0:10:11]} Qxc1+ {[%clk 0:14:49]} 35. Kg2
{[%clk 0:10:19]} Rh8 {[%clk 0:11:50]} 36. Qg4 {[%clk 0:09:57]} Qf4
{[%clk 0:10:59]} 37. Qf3 {[%clk 0:06:49]} 0-1

[Event "Reykjavik Open 2013"]
[Site "Reykjavik, Iceland"]
[Date "2013.02.24"]
[Round "7.30"]
[White "Wahlbom, Magnus"]
[Black "Urkedal, Frode"]
[Result "0-1"]
[WhiteElo "2279"]
[BlackElo "2473"]
[PlyCount "90"]
[EventDate "2013.02.19"]

1. e4 c5 2. Nf3 d6 3. d4 cxd4 4. Nxd4 Nf6 5. Nc3 g6 6. Be2 Bg7 7. O-O O-O 8.
Kh1 Nc6 9. Nb3 a6 10. f4 b5 11. a3 Bb7 12. Bf3 Nd7 13. Nd5 e6 14. Ne3 Nb6 15.
c3 Na4 16. Qe2 Qc7 17. g4 Rae8 18. g5 f6 19. gxf6 Rxf6 20. Ng4 Rff8 21. Be3 Kh8
22. Bg2 Nb6 23. Rad1 Nc4 24. Bc1 Bc8 25. Nd4 N6a5 26. b3 e5 27. bxc4 exd4 28.
cxd4 bxc4 29. Ne3 Bb7 30. Qc2 Qb6 31. e5 dxe5 32. dxe5 Bxg2+ 33. Qxg2 Rd8 34.
Qe4 c3 35. Rxd8 Rxd8 36. Rd1 Nb3 37. Rf1 Qb5 38. Re1 Nc5 39. Qc2 Nd3 40. Rd1 g5
41. a4 Qc6+ 42. Kg1 gxf4 43. Ng2 Qc5+ 44. Kf1 Qc4 45. Kg1 Bxe5 0-1

[Event "Reykjavik Open 2013"]
[Site "Reykjavik, Iceland"]
[Date "2013.02.24"]
[Round "7.31"]
[White "Andersen, Mads"]
[Black "Mamedjarova, Turkan"]
[Result "1-0"]
[WhiteElo "2462"]
[BlackElo "2280"]
[PlyCount "53"]
[EventDate "2013.02.19"]

1. d4 d5 2. c4 c6 3. Nf3 e6 4. e3 Nf6 5. Bd3 Bd6 6. Nc3 Nbd7 7. O-O O-O 8. e4
dxc4 9. Bxc4 e5 10. Bg5 Qe7 11. Bb3 h6 12. Nh4 Rd8 13. Nf5 Qf8 14. Nxd6 Qxd6
15. dxe5 Qxe5 16. Bh4 Re8 17. f4 Qh5 18. Qxh5 Nxh5 19. e5 Nc5 20. Bd1 g6 21. b4
Nd3 22. Bxh5 gxh5 23. Ne4 Kh8 24. Nd6 Rf8 25. f5 Nxb4 26. Be7 Rg8 27. Nxf7+ 1-0

[Event "Reykjavik Open 2013"]
[Site "Reykjavik, Iceland"]
[Date "2013.02.24"]
[Round "7.32"]
[White "Krush, Irina"]
[Black "Ekeberg, Carl Fredrik"]
[Result "0-1"]
[WhiteElo "2460"]
[BlackElo "2274"]
[PlyCount "80"]
[EventDate "2013.02.19"]

1. c4 c5 2. g3 Nc6 3. Bg2 g6 4. Nc3 Bg7 5. Nf3 d6 6. O-O e5 7. a3 Nge7 8. b4
Be6 9. Ng5 Bxc4 10. d3 Be6 11. Nxe6 fxe6 12. bxc5 d5 13. Rb1 Rb8 14. e4 O-O 15.
Re1 Kh8 16. Bg5 Qa5 17. Nb5 a6 18. Bd2 Qd8 19. Nc3 dxe4 20. Nxe4 Qxd3 21. Nd6
Nd5 22. Nxb7 Nd4 23. a4 Qf5 24. Rf1 Qd3 25. Re1 Qf5 26. Kh1 Qd3 27. Be4 Qa3 28.
Kg2 Rbc8 29. Bc1 Qa2 30. Rb2 Qa1 31. Qd3 Qxa4 32. Kg1 Rc7 33. Bd2 Rcf7 34. Rf1
Nf3+ 35. Bxf3 Rxf3 36. Qc2 Qd4 37. Bc1 e4 38. Kg2 e3 39. Rb3 Rxf2+ 40. Rxf2
Rxf2+ 0-1

[Event "Reykjavik Open 2013"]
[Site "Reykjavik, Iceland"]
[Date "2013.02.24"]
[Round "7.33"]
[White "Schou-Moldt, Thomas"]
[Black "Thorhallsson, Throstur"]
[Result "0-1"]
[WhiteElo "2236"]
[BlackElo "2441"]
[PlyCount "68"]
[EventDate "2013.02.19"]

1. e4 c5 2. Nf3 d6 3. d4 cxd4 4. Nxd4 Nf6 5. Nc3 Nc6 6. Bg5 e6 7. Qd2 a6 8.
O-O-O Be7 9. f3 Qc7 10. Be3 O-O 11. Kb1 b5 12. g4 Bb7 13. Bd3 Nd7 14. Nxc6 Bxc6
15. g5 b4 16. Ne2 d5 17. Nd4 Bb7 18. exd5 Bxd5 19. Rhg1 Nc5 20. Rg3 Rfd8 21.
Qf2 Nxd3 22. Rxd3 Rac8 23. Rh3 g6 24. Rd2 a5 25. Rh6 Qe5 26. f4 Qe4 27. Rd3 f6
28. gxf6 Bxf6 29. Rh3 a4 30. b3 axb3 31. axb3 Bxb3 32. Rxb3 Rxd4 33. Bc1 Rd1
34. Rhe3 Qh1 0-1

[Event "Reykjavik Open 2013"]
[Site "Reykjavik, Iceland"]
[Date "2013.02.24"]
[Round "7.35"]
[White "Kjartansson, Gudmundur"]
[Black "Wang, Yiye"]
[Result "1/2-1/2"]
[WhiteElo "2430"]
[BlackElo "2226"]
[PlyCount "92"]
[EventDate "2013.02.19"]

1. Nf3 Nf6 2. c4 c5 3. Nc3 Nc6 4. g3 g6 5. Bg2 Bg7 6. d4 cxd4 7. Nxd4 O-O 8.
O-O Qb6 9. Nc2 d6 10. b3 Qc5 11. e4 Bg4 12. Ne2 Ne5 13. Be3 Qc8 14. f3 Bh3 15.
Qd2 h5 16. Nf4 Bxg2 17. Kxg2 g5 18. Nd5 Nxd5 19. exd5 g4 20. fxg4 hxg4 21. Bh6
Nf3 22. Qe3 Bxa1 23. Bxf8 Be5 24. Bh6 b5 25. Ne1 Nxe1+ 26. Rxe1 Qf5 27. Rf1 Qg6
28. Bf4 bxc4 29. Bxe5 dxe5 30. bxc4 Rc8 31. c5 Qc2+ 32. Rf2 Qxc5 33. Qg5+ Kf8
34. Qxe5 f6 35. Qh5 Qc4 36. h4 Qe4+ 37. Kh2 Kg7 38. Qf5 Qxf5 39. Rxf5 Rc2+ 40.
Kg1 Kg6 41. Rf4 f5 42. Ra4 Rc1+ 43. Kf2 Rc2+ 44. Kf1 Rc1+ 45. Kf2 Rc2+ 46. Kf1
Rc1+ 1/2-1/2

[Event "Reykjavik Open 2013"]
[Site "Reykjavik, Iceland"]
[Date "2013.02.24"]
[Round "7.36"]
[White "Halldorsson, Jon Arni"]
[Black "Mikkelsen, Nikolaj"]
[Result "1/2-1/2"]
[WhiteElo "2222"]
[BlackElo "2421"]
[PlyCount "78"]
[EventDate "2013.02.19"]

1. d4 Nf6 2. Nf3 e6 3. g3 b5 4. Bg2 Bb7 5. O-O c5 6. c3 Na6 7. a4 b4 8. Nbd2
Be7 9. Re1 d5 10. Ne5 O-O 11. cxb4 Nxb4 12. Ndf3 Ne4 13. Bd2 c4 14. Bc3 f6 15.
Ng4 Bc8 16. Nd2 Nxd2 17. Qxd2 Rb8 18. Ne3 a5 19. Reb1 Bd6 20. b3 cxb3 21. Rxb3
Rf7 22. Nc2 Nxc2 23. Qxc2 Rxb3 24. Qxb3 Ba6 25. Qd1 Rb7 26. Bh3 Kf7 27. e4 g6
28. exd5 exd5 29. Qe1 Re7 30. Qd2 Bc7 31. Re1 Bb6 32. Rxe7+ Qxe7 33. Bxa5 Qe4
34. Bc3 Bxd4 35. Qxd4 Qb1+ 36. Kg2 Qf1+ 37. Kf3 Qe2+ 38. Kg2 Qf1+ 39. Kf3 Qe2+
1/2-1/2

[Event "Reykjavik Open 2013"]
[Site "Reykjavik, Iceland"]
[Date "2013.02.24"]
[Round "7.37"]
[White "Frisk, Ellinor"]
[Black "Hagen, Andreas Skytte"]
[Result "0-1"]
[WhiteElo "2197"]
[BlackElo "2411"]
[PlyCount "134"]
[EventDate "2013.02.19"]

1. e4 c5 2. Nf3 d6 3. d4 cxd4 4. Nxd4 Nf6 5. Nc3 a6 6. Be3 e6 7. g4 e5 8. Nf5
h5 9. g5 Nxe4 10. Nxg7+ Bxg7 11. Nxe4 d5 12. Ng3 Bg4 13. Be2 d4 14. Bd2 h4 15.
Nh5 Qd5 16. Nxg7+ Kf8 17. Rg1 Bxe2 18. Ne6+ Qxe6 19. Qxe2 Nc6 20. Qe4 Kg7 21.
Rg4 Qg6 22. Qxg6+ fxg6 23. Ke2 Raf8 24. Rf1 Rf5 25. f3 Nd8 26. Kd3 Ne6 27. Ke2
Kf7 28. Kf2 Ke7 29. c3 Kd6 30. Ke2 Kd5 31. Rfg1 b5 32. Be1 Nf4+ 33. Kd2 Nh3 34.
R1g2 Rxf3 35. cxd4 Nf4 36. Rf2 Rd3+ 37. Kc2 Rc8+ 38. Bc3 Rxd4 39. Kb3 Rd3 40.
Rxh4 b4 41. Kxb4 Rdxc3 42. Rhxf4 exf4 43. bxc3 Ke4 44. c4 f3 45. c5 Ke3 46. Rf1
f2 47. Kc4 Ke2 48. Rxf2+ Kxf2 49. Kd5 Kg2 50. c6 Kxh2 51. Kd6 Kg3 52. Kd7 Rh8
53. c7 Kf4 54. c8=Q Rxc8 55. Kxc8 Kxg5 56. a4 a5 57. Kb7 Kf6 58. Kb6 g5 59.
Kxa5 g4 60. Kb6 g3 61. a5 g2 62. a6 g1=Q+ 63. Kb7 Qb1+ 64. Ka8 Qe4+ 65. Kb8
Qe8+ 66. Kb7 Qb5+ 67. Ka7 Ke7 0-1

[Event "Reykjavik Open 2013"]
[Site "Reykjavik, Iceland"]
[Date "2013.02.24"]
[Round "7.38"]
[White "Bergsson, Stefan"]
[Black "Bekker-Jensen, Simon"]
[Result "0-1"]
[WhiteElo "2180"]
[BlackElo "2405"]
[PlyCount "54"]
[EventDate "2013.02.19"]

1. c4 Nf6 2. g3 g6 3. Bg2 Bg7 4. d4 O-O 5. Nf3 d6 6. O-O c6 7. Nc3 Qa5 8. h3 e5
9. e4 Nbd7 10. d5 cxd5 11. cxd5 b5 12. Nd2 b4 13. Ne2 Ba6 14. Re1 Rfc8 15. Nb3
Qa4 16. Be3 Nb6 17. Bxb6 axb6 18. Nec1 Bh6 19. Qf3 Nd7 20. Bf1 Bxf1 21. Rxf1
Rc2 22. Qg4 Nc5 23. Qh4 Bxc1 24. Rfxc1 Rxb2 25. Qe7 Nxe4 26. Rc7 Qe8 27. Qh4
Qd8 0-1

[Event "Reykjavik Open 2013"]
[Site "Reykjavik, Iceland"]
[Date "2013.02.24"]
[Round "7.39"]
[White "Thorfinnsson, Bjorn"]
[Black "Omarsson, Dadi"]
[Result "1/2-1/2"]
[WhiteElo "2386"]
[BlackElo "2212"]
[PlyCount "121"]
[EventDate "2013.02.19"]

1. b3 e5 2. Bb2 d6 3. d4 Nd7 4. e4 Ngf6 5. Nd2 exd4 6. Ngf3 g6 7. Bxd4 Bg7 8.
Bd3 O-O 9. O-O Re8 10. Re1 b6 11. Qc1 Bb7 12. Qb2 Ne5 13. Rad1 Nh5 14. Nxe5
dxe5 15. Be3 Nf4 16. Bf1 Qf6 17. g3 Ne6 18. Bg2 Rad8 19. a4 Qe7 20. a5 c5 21.
axb6 axb6 22. b4 cxb4 23. Bxb6 Rc8 24. Nb3 Rc3 25. Rd3 Rxd3 26. cxd3 Qd6 27.
Ba5 Qxd3 28. Bxb4 Rc8 29. Bf1 Qc2 30. Qxc2 Rxc2 31. Bd3 Rb2 32. Rb1 Rxb1+ 33.
Bxb1 Bf8 34. Bc3 Ng5 35. Nd2 f6 36. f4 exf4 37. Bxf6 Ne6 38. gxf4 Bc5+ 39. Kg2
Nxf4+ 40. Kf3 Kf7 41. Bh4 Nh5 42. Ba2+ Ke8 43. Nc4 Be7 44. Bf2 Nf6 45. Bb1 Nd7
46. Bd4 Kf8 47. Kf4 Ba6 48. Ba2 Bxc4 49. Bxc4 Bd6+ 50. e5 Nxe5 51. Bxe5 Bxe5+
52. Kxe5 Kg7 53. Bd5 g5 54. Kf5 h5 55. Be6 g4 56. Kg5 h4 57. Kxh4 Kh6 58. Bf5
Kg7 59. Kg5 Kh8 60. Kh6 Kg8 61. Be6+ 1/2-1/2

[Event "Reykjavik Open 2013"]
[Site "Reykjavik, Iceland"]
[Date "2013.02.24"]
[Round "7.41"]
[White "Handler, Lukas"]
[Black "Bjarnason, Saevar"]
[Result "1-0"]
[WhiteElo "2369"]
[BlackElo "2133"]
[PlyCount "115"]
[EventDate "2013.02.19"]

1. d4 Nf6 2. c4 g6 3. Nc3 Bg7 4. e4 d6 5. Nf3 O-O 6. Be2 Nbd7 7. O-O e5 8. Be3
Ng4 9. Bg5 f6 10. Bd2 Nh6 11. h3 Nf7 12. Be3 c6 13. Qc2 Qe7 14. Rfe1 Re8 15.
Rad1 Nf8 16. b4 Bh6 17. Bxh6 Nxh6 18. Bf1 Nf7 19. b5 Bd7 20. Qb3 Kg7 21. Qa3
Ne6 22. d5 Nc5 23. dxc6 bxc6 24. Nd2 Ng5 25. Nb3 Nce6 26. Na5 Rec8 27. bxc6
Bxc6 28. Nb5 Bxb5 29. cxb5 Nd4 30. Rd2 Rab8 31. Qb4 Nge6 32. Nc4 Rc5 33. a4 Nf4
34. Kh1 Rbc8 35. Ne3 Qc7 36. Rdd1 Qf7 37. Qb1 Qe6 38. Rc1 h5 39. Rxc5 dxc5 40.
Rc1 Qd7 41. a5 Nfe6 42. b6 axb6 43. Qxb6 Rc6 44. Qb2 Qa7 45. Qa2 Ng5 46. f3 Rc8
47. Rb1 Nc6 48. a6 Nb4 49. Qa5 Ra8 50. Nd5 Ne6 51. Nxb4 cxb4 52. Qxb4 Nc5 53.
Qb6 Qe7 54. Rc1 Rc8 55. a7 Na4 56. Qb5 Rxc1 57. a8=Q Nc3 58. Qc4 1-0

[Event "Reykjavik Open 2013"]
[Site "Reykjavik, Iceland"]
[Date "2013.02.24"]
[Round "7.42"]
[White "Herbold, Manfred"]
[Black "Miedema, David"]
[Result "0-1"]
[WhiteElo "2125"]
[BlackElo "2364"]
[PlyCount "48"]
[EventDate "2013.02.19"]

1. Nf3 Nf6 2. d4 e6 3. Bf4 c5 4. e3 Nc6 5. c3 Be7 6. h3 b6 7. Bd3 Bb7 8. Nbd2
h6 9. O-O g5 10. Bg3 Rg8 11. Ne5 h5 12. Bb5 g4 13. Bxc6 dxc6 14. hxg4 Nxg4 15.
dxc5 Nxe5 16. Bxe5 Qd5 17. Nf3 Qxc5 18. Qa4 Rg4 19. e4 Qb5 20. Qc2 O-O-O 21. c4
Qa5 22. c5 Qxc5 23. Qa4 Qa5 24. Qxa5 bxa5 0-1

[Event "Reykjavik Open 2013"]
[Site "Reykjavik, Iceland"]
[Date "2013.02.24"]
[Round "7.43"]
[White "L'ami, Alina"]
[Black "Christiansen, Johan-Sebastian"]
[Result "1-0"]
[WhiteElo "2362"]
[BlackElo "2071"]
[PlyCount "117"]
[EventDate "2013.02.19"]

1. d4 Nf6 2. c4 c5 3. d5 b5 4. cxb5 a6 5. f3 e6 6. e4 exd5 7. e5 Qe7 8. Qe2 Ng8
9. Nc3 Bb7 10. Nh3 c4 11. Nf4 Qc5 12. Nfxd5 Bxd5 13. Be3 Qb4 14. a3 Qa5 15. Bd2
Bb7 16. Nd5 Qa4 17. Nc7+ Kd8 18. Nxa8 Bxa8 19. bxa6 Bd5 20. Qd1 Qxa6 21. Bg5+
Be7 22. Qxd5 Bxg5 23. Bxc4 Qb6 24. Rd1 Nh6 25. Rd3 Re8 26. Rb3 Qa7 27. g3 Nc6
28. f4 Ng4 29. Be2 Qf2+ 30. Kd2 Rxe5 31. Qf3 Nd4 32. Rb8+ Ke7 33. Qxf2 Nxf2 34.
Re1 Bh6 35. a4 Nc6 36. Rb5 Re6 37. Bc4 Rxe1 38. Kxe1 Ne4 39. Bd5 Nd4 40. Bxe4
Nxb5 41. axb5 g6 42. b6 Kd6 43. b7 Kc7 44. Bd5 Bg7 45. b3 Bd4 46. Ke2 f6 47.
Kf3 Bc5 48. Kg4 Bg1 49. h3 Bf2 50. Kf3 Be1 51. g4 Bd2 52. h4 g5 53. fxg5 fxg5
54. h5 h6 55. Ke4 Bb4 56. Kf5 Kb8 57. Kg6 Bf8 58. Kf7 Bb4 59. Kg7 1-0

[Event "Reykjavik Open 2013"]
[Site "Reykjavik, Iceland"]
[Date "2013.02.24"]
[Round "7.44"]
[White "Muir, Andrew J"]
[Black "Roberts, Lynda"]
[Result "1-0"]
[WhiteElo "2313"]
[BlackElo "1903"]
[PlyCount "39"]
[EventDate "2013.02.19"]

1. d4 f5 2. e4 fxe4 3. Nc3 Nf6 4. Bg5 Nc6 5. d5 Ne5 6. Qe2 Nf7 7. h4 b6 8.
O-O-O Bb7 9. Nh3 c6 10. Nf4 Nxd5 11. Ncxd5 cxd5 12. Nxd5 Bxd5 13. Rxd5 g6 14.
Qxe4 Nxg5 15. hxg5 Rc8 16. Rxh7 Rg8 17. Bb5 Rc7 18. Qe6 Rg7 19. Rxg7 Bxg7 20.
Qg8+ 1-0

[Event "Reykjavik Open 2013"]
[Site "Reykjavik, Iceland"]
[Date "2013.02.24"]
[Round "7.45"]
[White "Van Heirzeele, Daniel"]
[Black "Cherednichenko, Svetlana"]
[Result "0-1"]
[WhiteElo "2125"]
[BlackElo "2307"]
[PlyCount "56"]
[EventDate "2013.02.19"]

1. d4 Nf6 2. c4 g6 3. Nc3 Bg7 4. e4 d6 5. Nf3 O-O 6. Be2 e5 7. O-O Nc6 8. d5
Ne7 9. Kh1 Nd7 10. g4 a5 11. Rg1 Kh8 12. Be3 f5 13. gxf5 gxf5 14. exf5 Nxf5 15.
Bg5 Nf6 16. Bd3 Qe8 17. Nh4 e4 18. Bc2 Qe5 19. f4 Qe8 20. Nb5 Qf7 21. Nxf5 Bxf5
22. Nd4 Ng4 23. Rxg4 Bxg4 24. Qxg4 Bxd4 25. Bxe4 Rae8 26. Bc2 Bxb2 27. Rb1 Bd4
28. f5 Bf6 0-1

[Event "Reykjavik Open 2013"]
[Site "Reykjavik, Iceland"]
[Date "2013.02.24"]
[Round "7.46"]
[White "Isaksson, Per"]
[Black "Bewersdorff, Oliver"]
[Result "0-1"]
[WhiteElo "2016"]
[BlackElo "2335"]
[PlyCount "98"]
[EventDate "2013.02.19"]

1. d4 Nf6 2. c4 g6 3. Nc3 d5 4. Nf3 Bg7 5. Bg5 Ne4 6. Bh4 Nxc3 7. bxc3 dxc4 8.
Qa4+ Qd7 9. Qxc4 b6 10. e3 Ba6 11. Qb3 Bxf1 12. Kxf1 Nc6 13. Rc1 Na5 14. Qb1
O-O 15. Ke2 Qe6 16. c4 c5 17. d5 Qd6 18. Rhd1 h6 19. Bg3 e5 20. Nd2 f5 21. f3
h5 22. Qd3 Bh6 23. Rc2 Rae8 24. e4 Qf6 25. Nb1 fxe4 26. Qxe4 Nb7 27. d6 Nxd6
28. Qd5+ Re6 29. Nc3 Nf5 30. Ne4 Qf7 31. Rc3 Nd4+ 32. Kf1 Re7 33. Qxf7+ Kxf7
34. Bh4 Rc7 35. Bg5 Bxg5 36. Nxg5+ Kf6 37. Ne4+ Kg7 38. a4 Kh6 39. Kf2 g5 40.
h3 Rc6 41. g4 Rf4 42. Re1 Re6 43. a5 h4 44. Nd2 bxa5 45. Rce3 Rb6 46. Rb1 Rxb1
47. Nxb1 e4 48. Nd2 Nxf3 49. Rxe4 Nxd2+ 0-1

[Event "Reykjavik Open 2013"]
[Site "Reykjavik, Iceland"]
[Date "2013.02.24"]
[Round "7.47"]
[White "Andreasen, Per Naesby"]
[Black "Kleinert, Juergen"]
[Result "1-0"]
[WhiteElo "2302"]
[BlackElo "1991"]
[PlyCount "41"]
[EventDate "2013.02.19"]

1. Nf3 f5 2. d4 Nf6 3. g3 g6 4. b3 Bg7 5. Bb2 O-O 6. Bg2 d6 7. O-O c6 8. Nbd2
Qc7 9. a4 Na6 10. e3 Kh8 11. Qe2 Ne4 12. Rac1 Nxd2 13. Qxd2 e5 14. dxe5 dxe5
15. e4 f4 16. gxf4 Rxf4 17. Nxe5 Rh4 18. f4 g5 19. Nf7+ Qxf7 20. Qd8+ Qg8 21.
Bxg7+ 1-0